书目信息 |
| 题名: |
中国传统管律文化通论
|
|
| 作者: | 胡企平 著 | |
| 分册: | ||
| 出版信息: | 上海 上海音乐出版社 2003 |
|
| 页数: | 12,425页 | |
| 开本: | 20cm | |
| 丛书名: | ||
| 单 册: | ||
| 中图分类: | J612.1 | |
| 科图分类: | ||
| 主题词: | 律学--文化--研究--中国--古代 , 律学 | |
| 电子资源: | ||
| ISBN: | 7-80667-444-6 | |
| 000 | 00827nam0 2200229 450 | |
| 001 | 1230523655 | |
| 005 | 20121019082922.03 | |
| 010 | @a7-80667-444-6@dCNY38.00 | |
| 100 | @a20040524d2003 emky0chiy50 ea | |
| 101 | 0 | @achi@eeng |
| 102 | @aCN@b310000 | |
| 105 | @aa z 000yy | |
| 200 | 1 | @a中国传统管律文化通论@Azhong guo chuan tong guan lü wen hua tong lun@f胡企平著 |
| 210 | @a上海@c上海音乐出版社@d2003 | |
| 215 | @a12,425页@c彩图@d20cm | |
| 330 | @a本书介绍律管作为狩猎工具、生活用品,经历图腾崇拜与祭祀、吹管乐器到单纯律的发展过程、对于我国古代律管的起源、形式、计算等进行全面考证、从而大力否定了“中国律管西来说”。 | |
| 606 | 0 | @a律学@x文化@x研究@y中国@z古代 |
| 606 | 0 | @a律学 |
| 690 | @aJ612.1@v4 | |
| 701 | 0 | @a胡企平@Ahu qi ping@f(1953.1~)@4著 |
| 801 | 0 | @aCN@bNLC@c20101222 |
| 905 | @a10447@dJ612.1@eJY149 | |
| 中国传统管律文化通论/胡企平著.-上海:上海音乐出版社,2003 |
| 12,425页:彩图;20cm |
| ISBN 7-80667-444-6:CNY38.00 |
| 本书介绍律管作为狩猎工具、生活用品,经历图腾崇拜与祭祀、吹管乐器到单纯律的发展过程、对于我国古代律管的起源、形式、计算等进行全面考证、从而大力否定了“中国律管西来说”。 |
| ● |
| 相关链接 |
|
|
|
|
正题名:中国传统管律文化通论
索取号:J612.1/JY149
 
预约/预借
| 序号 | 登录号 | 条形码 | 馆藏地/架位号 | 状态 | 备注 |
| 1 | 7834571 | 278345710 | 学院路分馆/ [索取号:J612.1/JY149] | 在馆 | |
| 2 | 7834572 | 278345729 | 学院路分馆/ [索取号:J612.1/JY149] | 在馆 | |
| 3 | 7834573 | 278345738 | 学院路分馆/ [索取号:J612.1/JY149] | 在馆 | |
| 4 | 7834574 | 278345747 | 学院路分馆/ [索取号:J612.1/JY149] | 在馆 |